| 000 | 00474nam a2200157Ia 4500 | ||
|---|---|---|---|
| 008 | 210716s2004 xx 000 0 und d | ||
| 020 | _a1592600433 | ||
| 041 | _aeng | ||
| 082 | _a650 IVAJ | ||
| 100 | _aIvancevich, John M;Duening, Thomas N. | ||
| 245 |
_aBusiness: principles guidelines and practices. _bPrinciples guidelines and practices. |
||
| 250 | _a1 | ||
| 260 |
_aCincinnati _bAutomic dog publishing _c2004 |
||
| 300 | _axxii,632 | ||
| 650 | _aBusiness Environment | ||
| 999 |
_c200681 _d200681 |
||